Študijný program Národohospodárskej fakulty 1997/98. : Ekonomická univerzita v Bratislave. /
Uložené v:
| Ďalší autori: | |
|---|---|
| Médium: | Kniha |
| Jazyk: | Slovak |
| Vydané: |
Bratislava :
Ekonóm, vydavateľstvo,
1997
|
| Vydanie: | 1. vyd. |
| Témy: | |
| ISBN: |
8022509019 (brož.) |
| Fyzický popis: |
117 s. |
| Tagy: |
Pridať tag
Žiadne tagy, Buďte prvý kto otaguje tento záznam!
|
Titul je dostupný aj v ... 

MARC
| LEADER | 00000nam a2200000 a 4500 | ||
|---|---|---|---|
| 001 | 000035521 | ||
| 003 | SVKK | ||
| 005 | 19990615000000.0 | ||
| 008 | 971127s1997 xo e sloo | ||
| 020 | |a 8022509019 (brož.) | ||
| 040 | |a SVKKK |b slo |c SVKKK |e AACR2 | ||
| 041 | 0 | |a slo | |
| 044 | |a xo |c SK | ||
| 080 | |a 378.4(437.612):33"1997/1998" |2 1997 | ||
| 080 | |a 378.633(437.612)"1997/1998" |2 1997 | ||
| 245 | 0 | 0 | |a Študijný program Národohospodárskej fakulty 1997/98. : |b Ekonomická univerzita v Bratislave. / |c Zost. Rudolf Sivák |
| 250 | |a 1. vyd. | ||
| 260 | |a Bratislava : |b Ekonóm, vydavateľstvo, |c 1997 | ||
| 300 | |a 117 s. | ||
| 653 | 0 | |a Národohospodárska fakulta EU, Bratislava |2 SVKKKPH | |
| 653 | 0 | |a programy študijné |2 SVKKKPH | |
| 653 | 0 | |a šk.r.1997-1998 |2 SVKKKPH | |
| 655 | 7 | |a informačné publikácie |2 SVKKKPH | |
| 700 | 1 | |a Sivák, Rudolf |4 com | |
| 910 | |a svkkk | ||
| 919 | |a 80-225-0901-9 | ||
| 974 | |a MI |d 19971209 | ||
| 974 | |a KL |d 19980225 | ||
| 974 | |a MI |d 19990615 | ||
| 998 | |a BK | ||
| 090 | |g SCKHL |k Sklad Pribinova 2. posch. |a III.178927 |j 913031 |i 2720439989 |s Absenčne | ||